000
00267nam a2200109Ia 4500
008
200302s9999 xx 000 0 und d
100
_a
Raymond Lister
245
_a
British Romantic Painting
260
_b
Cambridge Unifersity Press
260
_c
1989
300
_a
176 P.,
999
_c
1440
_d
1440